000 01037cam a22003137a 4500
003 CHAP
005 20220329134504.0
008 971013s1975 r 00010 d
010 _a21102
011 _a22074
035 _a26166
040 _cCHAP
082 _a333.0984
_bD67
100 0 0 _aDorsey, Joseph F.
_934031
245 1 2 _aA case study of the lower Cochabamba Valley; ex-haciendas Parotane and Caramarca
260 _aMadison :
_bLand Tenure Center,
_c1975
300 _a101 p.
490 0 _aResearch paper
_v; 64
590 _aBATCH-UPD
_b10
_c20130110
_lUCH01
_h0307
590 _aBATCH-UPD
_b10
_c20130110
_lUCH01
_h2025
590 _aCONVERSION
_b10
_c20130109
_lUCH01
_h1313
650 1 4 _aBolivia
_xCondiciones rurales.
_913575
650 1 4 _aTierras
_xTenencia
_xBolivia.
_9113146
830 0 _aResearch paper
_v; 64
_996073
901 _aBK
942 _cLIBRO
949 _a333.0984 D67
_bBC
_cLIBRO
_d33724000329413
_eLIBRO
_h34596
_i26166
_si
949 _a333.0984 D67
_bBC
_cLIBRO
_d33724000329421
_eLIBRO
_fc.2
_h36050
_i26166
_si
999 _c21102
_d21102